Macromedia: dream weaver complete concepts and techniques. / (Record no. 2110)
[ view plain ]
| 000 -LEADER | |
|---|---|
| fixed length control field | 00928nam a22001937a 4500 |
| 008 - FIXED-LENGTH DATA ELEMENTS--GENERAL INFORMATION | |
| fixed length control field | 120822t xxu||||| |||| 00| 0 eng d |
| 020 ## - INTERNATIONAL STANDARD BOOK NUMBER | |
| International Standard Book Number | 0789565404 |
| 050 ## - LIBRARY OF CONGRESS CALL NUMBER | |
| Classification number | TK5105.D745 |
| 100 ## - MAIN ENTRY--PERSONAL NAME | |
| Personal name | Shelly, Gary B. |
| 245 ## - TITLE STATEMENT | |
| Title | Macromedia: dream weaver complete concepts and techniques. / |
| Statement of responsibility, etc. | Gary B. Shelly |
| 260 ## - PUBLICATION, DISTRIBUTION, ETC. | |
| Place of publication, distribution, etc. | New York: |
| Name of publisher, distributor, etc. | Thomson, |
| Date of publication, distribution, etc. | 2004. |
| 300 ## - PHYSICAL DESCRIPTION | |
| Extent | xv, + various pagings.: |
| Other physical details | ill.; |
| Dimensions | 26cm. |
| 500 ## - GENERAL NOTE | |
| General note | Includes index. |
| 505 ## - FORMATTED CONTENTS NOTE | |
| Formatted contents note | Contents: Introduction to web development and macroemedia dreamwaever -- Creating a dreamweaver web page and local site -- Adding web pages, links and images -- Tables and page layout -- Page layout with frames -- Forms -- Templates and style sheets -- Dreamweaver help -- Dreamweaver and accessiblity -- Dreamweaver and fireworks -- Publishing. |
| 650 ## - SUBJECT ADDED ENTRY--TOPICAL TERM | |
| Topical term or geographic name entry element | Dreamweaver (Computer file) |
| General subdivision | Textbooks. |
| 700 ## - ADDED ENTRY--PERSONAL NAME | |
| Personal name | Cashman, Thomas J. |
| 700 ## - ADDED ENTRY--PERSONAL NAME | |
| Personal name | Wells, Dolores J. |
| 942 ## - ADDED ENTRY ELEMENTS (KOHA) | |
| Source of classification or shelving scheme | Library of Congress Classification |
| Koha item type | Books |
| Withdrawn status | Lost status | Source of classification or shelving scheme | Damaged status | Not for loan | Home library | Current library | Shelving location | Date acquired | Total Checkouts | Full call number | Barcode | Date last seen | Copy number | Price effective from | Koha item type |
|---|---|---|---|---|---|---|---|---|---|---|---|---|---|---|---|
| Library of Congress Classification | WISCONSIN INTERNATIONAL UNIVERSITY COLLEGE, GHANA - MAIN LIBRARY | WISCONSIN INTERNATIONAL UNIVERSITY COLLEGE, GHANA - MAIN LIBRARY | General Stacks | 22/08/2012 | TK5105.D745 | 5678/12 | 22/08/2012 | 1 | 22/08/2012 | Books |
